| 000 | 00675cam a22002413a 4500 | ||
|---|---|---|---|
| 001 | 6890 | ||
| 003 | PGUSA | ||
| 005 | 20140828083138.0 | ||
| 008 | 041101s2004||||xxu|||||s|||||000 | eng d | ||
| 040 |
_aPGUSA _beng |
||
| 042 | _adc | ||
| 050 | 4 | _aPT | |
| 100 | 1 |
_aHauff, Wilhelm, _d1802-1827 |
|
| 245 | 1 | 0 |
_aMitteilungen aus den Memoiren des Satan — Band 1 _h[electronic resource] / _cWilhelm Hauff |
| 260 |
_bProject Gutenberg, _c2004 |
||
| 506 | _aPublic domain in the USA. | ||
| 516 | _aElectronic text | ||
| 653 | _aDevil in literature | ||
| 653 | _aSatire | ||
| 830 | 0 |
_aProject Gutenberg _v6890 |
|
| 856 | 4 | 0 | _uhttp://www.gutenberg.org/ebooks/6890 |
| 942 | _cEB | ||
| 999 |
_c236210 _d236210 |
||